Globálne toky kapitálu

Vytvorenie a objem globálnych tokov kapitálu. Globálny prebytok úspor. Medzinárodné toky kapitálu. Emergentné efekty globalizácie. Kvantitatívna a kvalitatívna dimenzia globálnych tokov kapitálu. Rast cien komodít. Rozvoj finančných inovácií. Zmena odvetvovej štruktúry.

Saved in:
Bibliographic Details
Main Author: Baláž, Vladimír
Format: Book Chapter
Language:Slovak
Subjects:
Tags: Add Tag
No Tags, Be the first to tag this record!

MARC

LEADER 00000naa$a2200000$$$4500
001 0059948
005 20231019084822.5
041 0 |a slo 
044 |a SK 
245 1 0 |a Globálne toky kapitálu  |c Vladimír Baláž 
520 |a Vytvorenie a objem globálnych tokov kapitálu. Globálny prebytok úspor. Medzinárodné toky kapitálu. Emergentné efekty globalizácie. Kvantitatívna a kvalitatívna dimenzia globálnych tokov kapitálu. Rast cien komodít. Rozvoj finančných inovácií. Zmena odvetvovej štruktúry. 
610 2 0 |a globalizácia 
610 2 0 |a kapitál 
610 2 0 |a konvergencia 
610 2 0 |a úspory 
100 1 |a Baláž, Vladimír